000 01306cam a2200325 4500
001 ##E134821
002 ##10134
008 060904n2006 000 0 eng u
020 _a1904829392
035 _a(Sirsi) u134821
041 0 _aeng
050 0 4 _a658.202 $2 18
110 2 _aBuilding Cost Information Service
_91096
245 0 0 _aLife expectancy of building components
_bsurveyors' experiences of building in use - a practical guide
250 _a2nd ed.
260 _aLondon
_bBCIS
_c2006
300 _a354p.
_c30cm.
350 _a125
520 _aReport based on the experiences of building surveyors which presents a survey of life expectancies of common building components. Also highlights factors which may affect the deterioration or failure of the components. Some general guidance on the causes of premature failure, based on an extensive survey of the available literature, is also included for each component.
520 _aSupersedes first edition (ISBN 1900858681)
590 _aIKA190906 NTK
650 2 4 _aBS 7543: 2003
650 2 4 _aBUILT ENVIRONMENT-BUILDING MATERIALS
650 2 4 _aLIFE CYCLE COSTING
650 2 4 _aWHOLE-LIFE COSTING
650 2 4 _aLIFE EXPECTANCY
651 4 _aUnited Kingdom
_y
690 _aBUILT ENVIRONMENT-BUILDING COSTS
942 _n0
999 _c105811
_d105811